TV Gone Missing Match-Up Quiz Stats

 Plays Quiz Updated Oct 8, 2013

Support Sporcle.
Go Orange.
Score 0/16 Timer 04:00
1 Play Today
% Correct
____ You Think You Can Dance
95.2%
____ Matters
89.3%
The Good ____
87.8%
Fraggle _____
85.7%
____ Under Fire
85.7%
Samantha ___?
84.5%
666 ____ Avenue
84.1%
Match _____
82.5%
% Correct
Name ___ Tune
82.4%
Mighty Morphin ____ Rangers
80.8%
____ Dad!
80.2%
Bill Nye the ____ Guy
79.6%
Coronation ____
78.9%
Road ____
74.2%
Temptation ____
69.1%
Meet the ____
60.7%

You're not logged in!

Compare scores with friends on all Sporcle quizzes.
OR
Log In
Forgot?

From the Vault

Food Names - Namesake or Name Fake?

by MrChewypoo

Soylent green is people, at least that's what we've been hearing.
Remove Ads.
Support Sporcle.
Get the best of Sporcle when you Go Orange. This ad-free experience offers more features, more stats, and more fun while also helping to support Sporcle. Thank you for becoming a member.

Show Comments

Extras

Top Quizzes Today


Score Distribution

Your Account Isn't Verified!

In order to create a playlist on Sporcle, you need to verify the email address you used during registration. Go to your Sporcle Settings to finish the process.

Report this User

Report this user for behavior that violates our Community Guidelines.

Details: